| 000 | 00779aam a2200289 i 4500 | ||
|---|---|---|---|
| 001 | 768714001 | ||
| 003 | CO-MdFUSB | ||
| 005 | 20250901103055.0 | ||
| 007 | ta | ||
| 008 | 250901t1958 -us |||| |||| 00| 0 eng d | ||
| 040 | _cCO-MdFUSB | ||
| 041 | 0 | _aeng | |
| 082 | 0 | 4 |
_223 _a249.8 _bC2874t |
| 100 | 1 |
_aCarmichael, Amy (1867-1951) _eautor |
|
| 245 | 1 | 0 |
_aThou Givest... They Gather _c/ Amy Carmichael |
| 264 | 1 |
_bChristian Literature Crusade, _aWashington, PA., USA : _c[1958] |
|
| 264 | 4 | _c©1958 | |
| 300 | _a163 páginas | ||
| 336 |
_atexto _btxt _2rdacontent |
||
| 337 |
_2rdamedia _asin mediación _bn |
||
| 338 |
_2rdacarrier _avolumen _bnc |
||
| 563 | _aPasta dura | ||
| 653 | _aVida devocional | ||
| 942 | _cBK | ||
| 945 | _aJTF-925 | ||
| 999 |
_c36148 _d36148 |
||